Teoría sociológica clásica /
Ofrece una análisis general sobre la historia de la Teoría sociológica y de la obra de los teóricos principales. La presentación clara y sencilla de las diversas teorías hace que este texto sea muy accesible a los estudiantes universitarios.
| Clasificación: | Libro Electrónico |
|---|---|
| Autor principal: | |
| Otros Autores: | , |
| Formato: | Libro |
| Idioma: | Español Inglés |
| Publicado: |
Madrid :
McGraw-Hill,
©1993.
|
| Temas: | |
| Acceso en línea: | Texto completo |
MARC
| LEADER | 00000cam a2200000 a 4500 | ||
|---|---|---|---|
| 001 | 000076429 | ||
| 005 | 20070312100517.0 | ||
| 008 | 120307t19931993sp a gr 001 0 spa d | ||
| 020 | |a 8448101049 | ||
| 040 | |a DQ |b spa |c DQ |d OCL |d OCLCQ |d MX-MxUAM | ||
| 041 | 1 | |a spa |h eng | |
| 050 | 4 | |a HM19 |b R5.78 | |
| 090 | |a HM19 |b R5.78 | ||
| 100 | 1 | |a Ritzer, George | |
| 240 | 1 | 0 | |a Classical sociological theory. |l Español |
| 245 | 1 | 0 | |a Teoría sociológica clásica / |c George Ritzer ; traducción, María Teresa Casado Rodríguez ; revisión técnica, Amparo Almarcha Barbado, revisión técnica. |
| 260 | |a Madrid : |b McGraw-Hill, |c ©1993. | ||
| 300 | |a xx, 522 p. : |b il. byn ; |c 23 cm. | ||
| 500 | |a Existe un ejemplar en la Colección Ibarra Colado Eduardo (CICE) | ||
| 500 | |a Reimpresiones : (1994) -- (1995) -- (1996) -- (1997) -- (2000). | ||
| 500 | |a Traducción de : Classical sociological theory. | ||
| 500 | |a Incluye índice | ||
| 504 | |a Incluye referencias bibliográficas. | ||
| 505 | 2 | 0 | |g 1. |t Esbozo de la teoría sociológica: primeros años -- |g 2. |t Esbozo histórico de la teoría sociológica : años posteriores -- |g 3. |t Auguste Comte -- |g 4. |t Herbert Spence -- |g 5. |t Karl Marx -- |g 6. |t Emile Durkheim -- |g 7. |t Max Weber -- |g 8. |t Georg Simmel -- |g 9. |t George Herbert Mead -- |g 10. |t Alfred Schutz. |
| 520 | 1 | |a Ofrece una análisis general sobre la historia de la Teoría sociológica y de la obra de los teóricos principales. La presentación clara y sencilla de las diversas teorías hace que este texto sea muy accesible a los estudiantes universitarios. | |
| 538 | |a CICE | ||
| 650 | 4 | |a Sociología |x Historia | |
| 650 | 4 | |a Sociología |x Metodología |x Historia | |
| 650 | 4 | |a Sociólogos |x Biografía | |
| 700 | 1 | |a Casado Rodríguez, María Teresa, |e tr | |
| 700 | 1 | |a Almarcha Barbado, María Amparo, |e rev | |
| 856 | 4 | 2 | |z Texto completo |u https://significanteotro.files.wordpress.com/2017/02/47832383-teoria-sociologica-clasica-george-ritzer.pdf |
| 905 | |a LIBROS | ||
| 905 | |a CICE | ||
| 938 | |c CSH | ||
| 902 | |a Guadalupe Guevara y Navarro | ||
| 949 | |a Biblioteca UAM Iztapalapa |b Colección General |c HM19 R5.78 | ||
| 949 | |a Biblioteca UAM Iztapalapa |b Colección Ibarra Colado Eduardo (CICE) |c CICE HM19 R5.78 | ||


